Catálogo

Around the world in eighty days / (Registro nro. 9661)

Detalles MARC
000 -LEADER
fixed length control field 01284cam a2200337 i 4500
001 - CONTROL NUMBER
control field 9661
003 - CONTROL NUMBER IDENTIFIER
control field Mx-PuUPA
005 - DATE AND TIME OF LATEST TRANSACTION
control field 20260427104426.0
008 - FIXED-LENGTH DATA ELEMENTS--GENERAL INFORMATION
fixed length control field 140415s2009 xx a gr 001 0 eng d
020 ## - INTERNATIONAL STANDARD BOOK NUMBER
International Standard Book Number 9781599662718
040 ## - CATALOGING SOURCE
Original cataloging agency Mx-PuUPA
Language of cataloging spa
Transcribing agency Mx-PuUPA
Modifying agency Mx-PuUPA
Description conventions rda
041 0# - LANGUAGE CODE
Language code of text/sound track or separate title eng
100 1# - MAIN ENTRY--PERSONAL NAME
Personal name Verne, Jules,
Dates associated with a name 1828-1905
9 (RLIN) 5413
245 13 - TITLE STATEMENT
Title Around the world in eighty days /
Statement of responsibility, etc. Jules Verne ; retold by Pieter Koster
264 #1 - PRODUCTION, PUBLICATION, DISTRIBUTION, MANUFACTURE, AND COPYRIGHT NOTICE
Place of production, publication, distribution, manufacture [lugar de publicación no identificado] :
Name of producer, publisher, distributor, manufacturer Compass Publishing,
Date of production, publication, distribution, manufacture, or copyright notice ©2009
300 ## - PHYSICAL DESCRIPTION
Extent 95 páginas :
Other physical details ilustraciones (a color) ;
Dimensions 21 cm
336 ## - CONTENT TYPE
Fuente rdacontent
Content type term texto
Content type code txt
337 ## - MEDIA TYPE
Source rdamedia
Media type term sin medio
Media type code n
338 ## - CARRIER TYPE
Source rdacarrier
Carrier type term volumen
Carrier type code nc
490 0# - SERIES STATEMENT
Series statement Compass classic readers
521 #0 - TARGET AUDIENCE NOTE
Target audience note Level 4
-- 1150 family words per reader
-- 3000 family words per level
600 14 - SUBJECT ADDED ENTRY--PERSONAL NAME
Personal name Fogg, Phileas (Personaje ficticio)
Form subdivision Novela
650 #7 - SUBJECT ADDED ENTRY--TOPICAL TERM
Source of heading or term armarc
Topical term or geographic name entry element Historias de aventuras
650 #7 - SUBJECT ADDED ENTRY--TOPICAL TERM
Source of heading or term armarc
Topical term or geographic name entry element Viajes alrededor del mundo
Form subdivision Novela
650 #7 - SUBJECT ADDED ENTRY--TOPICAL TERM
Source of heading or term armarc
Topical term or geographic name entry element Inglés
General subdivision Libros de lectura
-- Hablantes no nativos
650 #7 - SUBJECT ADDED ENTRY--TOPICAL TERM
Source of heading or term armarc
Topical term or geographic name entry element Inglés
General subdivision Libros de lectura
-- Estudiantes
-- Facilidad de lectura
700 1# - ADDED ENTRY--PERSONAL NAME
Personal name Koster, Pieter,
Relator term editor
942 ## - ADDED ENTRY ELEMENTS (KOHA)
Source of classification or shelving scheme Dewey Decimal Classification
Koha item type Libro
Classification part 428.24
Item part V47
Existencias
Withdrawn status Lost status Source of classification or shelving scheme Damaged status Not for loan Collection code Home library Current library Shelving location Date acquired Total Checkouts Full call number Barcode Date last seen Price effective from Koha item type
    Dewey Decimal Classification     General Tehuacán Tehuacán Sala general 16/04/2026   428.24 V47 2009 968000002755 16/04/2026 16/04/2026 Libro